Vista normal Vista MARC

Entrada Materia (personas)

Número de registros utilizados en: 2

001 - CONTROL NUMBER

  • control field: 35528

003 - CONTROL NUMBER IDENTIFIER

  • control field: Co-BoUCM

005 - DATE AND TIME OF LATEST TRANSACTION

  • control field: 20130411140506.0

008 - FIXED-LENGTH DATA ELEMENTS

  • fixed length control field: 130411|| aca||aabn | a|a d

040 ## - CATALOGING SOURCE

  • Original cataloging agency: Co-BoUCM
  • Transcribing agency: Co-BoUCM

100 ## - HEADING--PERSONAL NAME

  • Personal name: Beneitez-Heinrich, Lola
  • Relator term: traductor

670 ## - SOURCE DATA FOUND

  • Source citation: Work cat.: (Co-BoUCM)166180: Neufert, Ernst 35522, Arte de proyectar en arquitectura , 2007